00354pab a2200121 454500008004000000100002500040245006400065260000900129300001400138362000800152650002400160773004800184180718b2005 xxu||||| |||| 00| 0 eng d aPittan, Maria Grazia aFitting regional income distributions in the European union c2005 ap.135-61. aApr aIncome distribution aOxford Bulletin of Economics and Statistics